[Event "SCO-ch"]
[Site "Edinburgh"]
[Date "1999.07.17"]
[Round "2"]
[White "Bryson, Douglas Marshall"]
[Black "Arakhamia Grant, Ketevan"]
[Result "1-0"]
[WhiteElo "2365"]
[BlackElo "2430"]
[Annotator "Rowson,J"]
[PlyCount "49"]
[EventDate "1999.07.16"]
[EventType "swiss"]
[EventRounds "9"]
[EventCountry "SCO"]
[SourceTitle "CBM 071 Extra"]
[Source "ChessBase"]
[SourceDate "1999.09.14"]
[SourceVersion "1"]
[SourceVersionDate "1999.09.14"]
[SourceQuality "1"]

1. e4 c5 2. Nf3 Nc6 3. d4 cxd4 4. Nxd4 e5 5. Nb5 d6 6. c4 Be7 7. Bd3 Be6 8. O-O
a6 9. N5c3 Bg5 (9... Nf6 $5 10. Nd5 Nd7 11. Nbc3 $14) 10. Nd2 Nge7 11. Nd5 O-O
12. b3 f5 $6 {This seems to be asking for too much too soon.} (12... Nd4 $5 13.
Bb2 Nxd5 $6 (13... Nec6 $1 $11) 14. exd5 $1 Bd7 15. f4 Qb6 16. c5 $18 (16. fxg5
Nxb3+ 17. Kh1 Nxa1 18. Bxa1 $16)) 13. exf5 Nxf5 14. Ba3 Bxd2 15. Qxd2 Ncd4 16.
Be4 Kh8 17. Rae1 Rc8 18. f4 Bxd5 19. Bxd5 Qb6 20. Kh1 Rf6 21. g4 Ne7 22. Bg2
Qc7 $2 23. fxe5 dxe5 24. Rxf6 gxf6 25. Bxe7 1-0

[Event "Hoogovens"]
[Site "Wijk aan Zee"]
[Date "1991.01.??"]
[Round "1"]
[White "Fedorowicz, John P"]
[Black "Salov, Valery"]
[Result "1/2-1/2"]
[WhiteElo "2555"]
[BlackElo "2645"]
[Annotator "Salov,V"]
[PlyCount "109"]
[EventDate "1991.01.??"]
[EventType "tourn"]
[EventRounds "13"]
[EventCountry "NED"]
[EventCategory "14"]
[SourceTitle "CBM 022"]
[Source "ChessBase"]
[SourceDate "1991.06.01"]
[SourceVersion "1"]
[SourceVersionDate "1991.06.01"]
[SourceQuality "1"]

1. e4 c5 2. Nf3 Nc6 3. d4 cxd4 4. Nxd4 e5 5. Nb5 d6 6. c4 Be7 7. N1c3 a6 8. Na3
Be6 9. Bd3 Bg5 10. O-O Bxc1 11. Rxc1 Nf6 12. Nc2 O-O 13. Qd2 $5 {TN} (13. b4
Rc8 14. Nd5 $14 {Novik,M-Milov,V USSR,1990}) 13... Qb6 14. Kh1 Rac8 15. b3 Nd4
$2 (15... Rfd8 $142 {/\Nc6-e7-g6}) 16. Ne3 Qa5 $6 17. f4 $1 $16 exf4 (17... b5
18. f5 bxc4 19. fxe6 $1 cxd3 20. e7 Rfe8 21. Rxf6 $1 gxf6 22. Ned5 Kg7 23. Rf1
$40) 18. Rxf4 (18. Ned5 $142 $1 Qd8 (18... Bxd5 19. exd5 $16 {><d4}) 19. Qxf4
$16) 18... Qg5 19. Rcf1 (19. Qf2 Nh5 20. Rh4 f5 21. exf5 Nxf5 $132) 19... Nh5
20. R4f2 Nc6 21. Qe2 Qh6 22. Kg1 Rce8 23. Ncd5 Bxd5 24. Nf5 $1 Qg6 25. cxd5 Ne5
26. Bc2 $1 {/\ Bd1} Ng4 $8 27. Rf3 (27. e5 Nxf2 28. Qxf2 Rxe5 29. Ne7+ Rxe7 30.
Bxg6 hxg6 {does not yield anything to white}) 27... Re5 28. Qd2 $1 Nh6 29.
Nxh6+ $6 (29. Rh3 $1 Kh8 30. Qd1 $1 Nf6 (30... Ng4 $142 $16) 31. Nxh6 gxh6 32.
Rg3 Rg5 33. e5 $18) 29... Qxh6 30. Qxh6 gxh6 31. g4 (31. Rc3 $142 $14) 31...
Ng7 32. Rf6 Ne8 33. Rxh6 Kg7 34. Rh3 Nf6 35. Rc3 Rg5 $1 36. h3 h5 37. Rf5 Rxf5
38. gxf5 Nd7 39. Rc7 Ne5 40. Bd1 h4 $44 41. Bg4 Kf6 42. Rxb7 Rc8 43. Rb6 Kg5
44. Rxa6 Kf4 45. b4 Rc1+ 46. Kh2 (46. Kf2 $4 Nxg4+ 47. hxg4 h3 $19) 46... Rc2+
47. Kg1 Rc1+ 48. Kh2 Rc2+ 49. Kg1 Rb2 50. Rxd6 Rxb4 51. Ra6 Rb1+ 52. Kh2 Rb2+
53. Kg1 Rb1+ 54. Kh2 Rb2+ 55. Kg1 1/2-1/2

[Event "Wichern op 5th"]
[Site "Hamburg"]
[Date "1999.10.17"]
[Round "3.14"]
[White "Joecks, Christian"]
[Black "Shabalov, Alexander"]
[Result "0-1"]
[WhiteElo "2397"]
[BlackElo "2566"]
[Annotator "Sander,R"]
[PlyCount "42"]
[EventDate "1999.10.15"]
[EventType "swiss"]
[EventRounds "9"]
[EventCountry "GER"]
[SourceTitle "EXT 2001"]
[Source "ChessBase"]
[SourceDate "2000.11.22"]
[SourceVersion "1"]
[SourceVersionDate "2000.11.22"]
[SourceQuality "1"]

1. e4 c5 2. Nf3 Nc6 3. d4 cxd4 4. Nxd4 e5 5. Nb5 d6 6. Bc4 a6 7. N5c3 Nf6 8.
O-O Be7 9. Bg5 O-O 10. Bb3 Bg4 11. Qd3 Rc8 12. Nd2 Nd4 13. Rfe1 Nh5 14. Be3 Bg5
15. Bxd4 Nf4 16. Qg3 exd4 17. Qxg4 dxc3 18. bxc3 Nxg2 19. Red1 Nf4 20. Nf3 $2 {
[%mdl 8192] Jetzt folgt ein Damenfang auf vollem Brett:} h5 21. Qf5 g6 {#} 0-1

[Event "Batumi FIDE GP (Women)"]
[Site "Batumi"]
[Date "2016.04.26"]
[Round "6"]
[White "Muzychuk, Anna"]
[Black "Skripchenko, Almira"]
[Result "1-0"]
[WhiteElo "2555"]
[BlackElo "2453"]
[Annotator "Schulz,Andre"]
[PlyCount "85"]
[EventDate "2016.04.20"]
[EventType "tourn"]
[EventRounds "11"]
[EventCountry "GEO"]
[EventCategory "10"]
[SourceTitle "CBM 172"]
[Source "ChessBase"]
[SourceDate "2016.05.12"]
[SourceVersion "1"]
[SourceVersionDate "2016.05.12"]
[SourceQuality "1"]

1. e4 c5 2. Nf3 Nc6 3. d4 cxd4 4. Nxd4 e5 5. Nb5 {The so-called
Kalashnikov-Variation.} d6 6. N1c3 a6 7. Na3 Be7 ({More common is} 7... b5) 8.
Nc4 b5 9. Ne3 Nf6 10. Bd3 (10. g3 O-O 11. Bg2 b4 12. Ncd5 Nxd5 13. Nxd5 Bg5 14.
Bxg5 Qxg5 15. O-O Be6 16. Nc7 Rad8 17. Nxe6 fxe6 18. Qd3 a5 19. c3 Qe7 20. a4
Kh8 21. Rfd1 bxc3 22. bxc3 Qa7 23. Rd2 Ne7 24. Rb1 d5 25. Rb5 Qc7 26. Qc2 dxe4
27. Bxe4 h6 28. Re2 Nd5 29. c4 Nb4 30. Qc3 Rd4 31. c5 Qd8 32. c6 Nd5 33. Qc5
Qf6 34. Rb1 Nf4 {1/2-1/2 (34) Morozevich,A (2711) -Moiseenko,A (2692) Berlin
2015}) 10... Nb4 11. Be2 Be6 ({The most popular line is} 11... O-O 12. O-O Be6
13. a3 Nc6 {z.B.:} 14. Ned5 Bxd5 15. exd5 Nd4 16. Bd3 Rc8 17. Be3 Qd7 18. Bxd4
exd4 19. Ne2 Rc5 20. Nxd4 Rxd5 21. c3 g6 22. Qf3 Rh5 23. Rfe1 $16 {1/2-1/2 (73)
Choisy,M (2182)-Benmesbah,N (2199) Montpellier 2015}) 12. a3 Nc6 13. Ned5 {
A new move.} (13. O-O {would have transposed to the main line.}) 13... Nd4 14.
Bd3 O-O 15. Be3 Nxd5 16. Nxd5 Bg5 17. c3 Bxe3 18. Nxe3 Nc6 19. O-O $14 Ne7 20.
a4 bxa4 (20... Qb6 $5) (20... Rb8 $5) 21. Rxa4 a5 22. Bc4 Bd7 23. Ra2 Bc6 24.
Qd3 Qc7 25. b3 h6 26. f3 Kh8 27. Rd1 Rad8 28. Rda1 Ra8 29. Kh1 f5 $6 ({Black
is impatient and gives material to get counterplay. But it might have been
better to remain passive to see how White wants to improve her position.} 29...
Bb7 $5) 30. exf5 d5 31. Bxd5 Bxd5 32. Nxd5 Nxd5 33. Qxd5 Qxc3 34. h3 Rad8 35.
Qxa5 Qxb3 36. Qxe5 $18 {Now White is two pawns up.} Rd5 37. Qe6 {[#]} Qb5 $2 {
Now the rook on d5 is no longer pinned - but White can win immediately.} 38. f6
{Possible because Black no longer has ...Rd1+ winning the queen.} Rxf6 39. Ra8+
Kh7 40. Qg8+ Kg6 41. R8a7 Rd7 42. Qe8+ Rff7 43. Qe4+ 1-0

[Event "Moscow Aeroflot op-A"]
[Site "Moscow"]
[Date "2003.02.13"]
[Round "3"]
[White "Vokarev, Sergey"]
[Black "Shabalov, Alexander"]
[Result "1/2-1/2"]
[WhiteElo "2500"]
[BlackElo "2613"]
[Annotator "Shabalov,A"]
[PlyCount "82"]
[EventDate "2003.02.10"]
[EventType "swiss"]
[EventRounds "9"]
[EventCountry "RUS"]
[SourceTitle "CBM 094"]
[Source "ChessBase"]
[SourceDate "2003.05.26"]
[SourceVersion "1"]
[SourceVersionDate "2003.05.26"]
[SourceQuality "1"]

1. e4 c5 2. Nf3 Nc6 3. d4 cxd4 4. Nxd4 e5 5. Nb5 d6 6. N1c3 a6 7. Na3 b5 8. Nd5
Nce7 9. c4 Nxd5 10. exd5 bxc4 11. Nxc4 Nf6 12. Be2 Be7 13. Be3 Rb8 14. a4 O-O
15. O-O Rb4 $5 {This variation is currently in deepest crisis and the last
move is another attempt to bring it back to life. Other moves here
historically are 15...Bf5 and 15...Bb7. The latter received a fair beating
lately in} (15... Bb7 16. Nb6 Nd7 17. a5 f5 18. f3 Nxb6 19. Bxb6 Qd7 20. b4 Bd8
21. Be3 Bf6 22. Rb1 Rbc8 23. b5 axb5 24. Rxb5 e4 25. fxe4 Rfe8 26. Rb4 Bc3 27.
Bb5 Qd8 28. Bxe8 Bxb4 29. Bc6 Ba6 30. Rxf5 Bxa5 31. h3 Rb8 32. Kh2 g6 33. Bg5
Qc7 34. Rf3 Rb4 35. Bh6 Rb8 36. Qa1 Be2 37. Rf2 Bd3 38. Qf6 {1-0 Karjakin,
S-Shirov,A/Benidorm ESP 2002(38).}) 16. a5 $1 {Probably the best move. The
main idea of 15...Rb4 was revealed in the game below, that was played only a
week before} (16. Bd2 Nxd5 $1 {That's the point. For an exchange black gets
two bishops, a knight on d4 and a moveable center.} 17. Bxb4 Nxb4 18. Qd2 Nc6
19. Ne3 Nd4 20. Bc4 Bg5 21. Qd3 Qb6 22. a5 Qa7 23. Kh1 h6 24. b4 Kh8 25. Rad1
Qb7 26. Qc3 Bd7 27. Bd5 Qb8 28. Qb2 f5 29. Nc4 Ba4 {and black was much better
but he blundered and lost 10 moves later} 30. Ra1 Bb5 $17 {1-0 Motylev,
A-Shabalov,A/Bermuda 2003 (41)}) 16... Bb7 {The origin of the 16.a5 novelty
was quite a mystery to me until Motylev joined our postmortem...} (16... Rb5 {
leads to transposition if white opts for} 17. Nb6 Rxb2 18. Bd3 {and black has
nothing better than} Bb7 19. Bc4) 17. Nb6 Rxb2 18. Bc4 Qb8 19. Qd3 Bd8 20. Qc3
Rxb6 (20... Bxb6 21. Qxb2 (21. axb6 Rc8) 21... Bxe3 22. fxe3 Qa8 23. Rfd1 $16)
21. axb6 (21. Bxb6 Qa8 {Black is ok.}) 21... Nxd5 22. Qb3 Qa8 23. Rfb1 $6 {
This is where white let's his opponent off the hook.} (23. Bxd5 $1 Bxd5 24.
Rxa6 Qxa6 25. Qxd5 h6 26. Qxd6 {led to a technically winning position.}) 23...
Nxe3 24. fxe3 Bg5 {All of a sudden black gets a new lease of life. He is not
really worse and develops his initiative really fast in white's time trouble.}
25. Ra5 h6 26. Rb2 Qc8 27. Re2 Qg4 28. Raa2 Qe4 {The rest of the moves before
the time control are time-trouble driven.} (28... a5 $5 {is a Fritz
recomendation, threatening to disrupt white pieces coordination with a4}) 29.
Rad2 Rc8 30. Bxf7+ Kh8 31. h3 Rc1+ 32. Rd1 Bxe3+ 33. Kh1 Rxd1+ (33... Qc6 {
Cold winning the b6 pawn led to a huge black's advantage.}) 34. Qxd1 Qf4 35.
Be6 d5 {This leads to a forced draw.} ({Black was still holding an upper hand
after} 35... Bc5 $17) 36. Re1 Qg3 37. Rf1 Bf4 38. Rxf4 Qxf4 39. Bxd5 Bxd5 40.
Qxd5 Qf1+ 41. Kh2 Qf4+ 1/2-1/2

[Event "Yalta op"]
[Site "Yalta"]
[Date "1995.??.??"]
[Round "5"]
[White "Sulypa, Oleksandr"]
[Black "Mochalov, Evgeny Veniaminovic"]
[Result "1/2-1/2"]
[WhiteElo "2430"]
[BlackElo "2455"]
[Annotator "Shipov,S"]
[PlyCount "119"]
[EventDate "1995.??.??"]
[EventType "swiss"]
[EventRounds "9"]
[EventCountry "UKR"]
[SourceTitle "CBM 047 Extra"]
[Source "ChessBase"]
[SourceDate "1995.09.01"]
[SourceVersion "1"]
[SourceVersionDate "1995.09.01"]
[SourceQuality "1"]

1. e4 c5 2. Nf3 Nc6 3. d4 cxd4 4. Nxd4 e5 5. Nb5 d6 6. N1c3 a6 7. Na3 b5 8. Nd5
Nce7 9. c4 Nxd5 10. exd5 (10. Qxd5 Be6 11. Qb7 Nf6 12. cxb5 Rb8 $1 13. Qxa6 d5
14. Nc2 Ra8 15. Qc6+ Bd7 16. Qc3 Rc8 $1 $44 {Bologan,V-Sveshnikov,E/Riga op/
1995/}) 10... bxc4 (10... Nf6 $6 11. cxb5 Be7 12. Bc4 O-O 13. O-O Ne4 14. Qe2
f5 15. bxa6 Qa5 16. f3 Nf6 17. Bd2 Qb6+ 18. Be3 Qa5 19. a7 $16 {Kaiumov,
D-Kiselev,S/Cheliabinsk/1993/}) 11. Nxc4 f5 $5 {N/} (11... Nf6 12. Be3 (12. Bd2
$5 a5 (12... Nxd5 $5) 13. Be3 Rb8 14. Rc1 Bd7 15. f4 e4 16. Qd2 a4 17. Ba7 $1
Rb5 18. Bd4 $14 {Velimirovic,D-Gostisa,L/YUG/1990/}) 12... Rb8 13. a4 Be7 14.
Be2 O-O 15. O-O Bb7 16. Nb6 Ne4 17. a5 $16 {Grosar,A-Sveshnikov,E/Bled/1990/})
(11... Be7 12. Bd2 a5 13. Qa4+ Bd7 14. Qa3 Qb8 15. Bxa5 Nf6 16. Bc7 Qb7 17.
Nxd6+ Bxd6 18. Qxd6 Nxd5 19. Rc1 $8 Qxb2 20. Qxe5+ Qxe5+ 21. Bxe5 O-O 22. Rc5
Nb6 23. Bd3 Rxa2 $10 {Arnason,J-Gausel,E/Reykjavik/1990/}) 12. Bd2 $1 a5 $1 (
12... Rb8 13. Ba5 Qf6 14. Rc1 $1 $16) 13. Qa4+ Bd7 14. Qa3 Qb8 (14... Bb5 15.
Nxd6+ $18) 15. Bxa5 Nf6 (15... Ra7 $5) 16. Rd1 (16. Bc7 $2 Qb7 $8 17. Nxd6+
Bxd6 18. Qxd6 Nxd5 (18... Kf7 $1 19. b4 (19. Qb6 Qxb6 20. Bxb6 Rhb8 $36) 19...
Rhc8 20. Ba5 (20. Rc1 Ra7) 20... Rxa5 $1 21. bxa5 Qb2 22. Rd1 Qc3+ 23. Rd2
Qxd2+ $19) 19. Rc1 Qxb2 20. Qxe5+ Qxe5+ 21. Bxe5 $16) 16... Be7 (16... Kf7 $5)
17. Qb4 (17. Bc7 $6 Qb7 18. Nxd6+ Bxd6 19. Qxd6 Kf7 20. b4 Rxa2 $36) 17... O-O
18. Qxb8 Rfxb8 $44 19. b4 (19. Be2 Rb5 $1 $132) 19... Ba4 20. Rd2 Rxa5 $1 (
20... Ne4 21. Rb2) 21. Nxa5 (21. bxa5 $2 Rb1+ 22. Ke2 Bb5 $36) 21... Rxb4 22.
Nb3 $1 Bxb3 23. axb3 Rxb3 24. Bd3 e4 25. Bc2 Rb2 (25... Rc3 26. O-O Ng4 $10)
26. O-O Bd8 27. Rb1 Rxb1+ 28. Bxb1 Bb6 29. Rb2 Bc5 $10 30. Kf1 Kf7 31. f3 (31.
Rb7+ $5 Kg6 32. f3 exf3 33. gxf3 $36) 31... exf3 32. gxf3 g6 33. Rb7+ Kg8 34.
Bd3 Bd4 35. Bb5 Be5 36. Kg1 Kh8 37. Bc6 Nh5 38. Bd7 Nf6 39. Be6 Nh5 40. Rf7 Nf6
41. Re7 Bf4 42. Kg2 Be5 43. Rb7 Nh5 44. Rf7 Nf4+ 45. Kf1 Nh5 46. Re7 Nf4 47.
Bf7 Nh5 48. Kg1 Kg7 49. Be6+ Kh8 50. Bc8 Kg8 51. Be6+ Kh8 $10 52. Rf7 Nf4 53.
Kf1 Nh5 54. h3 Nf6 55. h4 Nh5 56. Kg2 Nf4+ 57. Kf2 Bd4+ 58. Kf1 Be5 59. Rd7 Nh5
60. Kg2 1/2-1/2

[Event "World Women-ch k.o."]
[Site "Teheran"]
[Date "2017.02.25"]
[Round "5.6"]
[White "Harika, Dronavalli"]
[Black "Tan, Zhongyi"]
[Result "1-0"]
[WhiteElo "2539"]
[BlackElo "2502"]
[Annotator "Silver,A"]
[PlyCount "157"]
[EventDate "2017.02.11"]
[EventType "k.o."]
[EventRounds "7"]
[EventCountry "IRI"]
[SourceTitle "CBM 177"]
[Source "ChessBase"]
[SourceDate "2017.03.16"]
[SourceVersion "1"]
[SourceVersionDate "2017.03.16"]
[SourceQuality "1"]
[TimeControl "600+10"]

1. e4 c5 2. Nf3 Nc6 3. d4 cxd4 4. Nxd4 e5 5. Nb5 a6 6. Nd6+ Bxd6 7. Qxd6 Qe7 8.
Qd1 Nf6 9. Nc3 O-O 10. Bg5 Qe6 11. Bd3 Ne7 12. Qd2 b5 13. a4 Bb7 14. Bxf6 Qxf6
15. axb5 axb5 16. O-O b4 17. Nb5 Nc6 18. Bc4 Ba6 19. Rfd1 Bxb5 20. Bxb5 Nd4 21.
Rxa8 Rxa8 22. Bxd7 Rd8 23. Bg4 Nf3+ 24. Bxf3 Rxd2 25. Rxd2 g6 26. h3 Qa6 27. b3
Qa1+ 28. Bd1 Kg7 29. Rd3 Qc1 30. Kf1 Qf4 31. f3 h5 32. Rd7 Qe3 33. Rd3 Qc5 34.
h4 Qe7 35. g3 g5 36. hxg5 Qxg5 37. Kf2 h4 38. gxh4 Qxh4+ 39. Ke2 Qh2+ 40. Ke1
Qg3+ 41. Kd2 {This is but one of the crucial moments that might have led to a
very different outcome in the tiebreaks by giving Harika Dronavalli a chance
to turn it around. Black has an easy draw here by repetition. The times were
low, but not dramatically so, and both had a few minutes left on their clocks
from the initial 10+10 they started with.} Qf2+ {There is nothing inherently
wrong with this move, and it does not change the evaluation in any way, but
Black only needs a draw to qualify for the finals being one game up in this
mini-match.} (41... Qf4+ {would lead to an immediate perpetual check.} 42. Ke1
Qg3+ 43. Kd2 (43. Ke2 Qh2+ {etc.}) 43... Qf4+ {and they repeat or White plays}
44. Re3 Kh6 45. Be2 Kg5 46. Bc4 Kh4 47. Kd3 Qg5 48. Bd5 {and the queen
invasion with the aid of the king is now winning.} (48. Bxf7 {would lose after}
Qg1 49. Z0 {The threat of} (49. Kd2 Qh2+ 50. Kd3 Qf2 {the bind is absolute,
White's king cannot move away from the rook, and if the rook moves, Qxf3+ wins
the bishop. So} 51. Bd5 Kg3 52. c3 (52. c4 Qb2) 52... Kf4 53. Re2 Qxf3+ 54. Kd2
bxc3+ 55. Kd1 c2+ {and it is over.}) 49... Qd1+ 50. Kc4 Qd4+ 51. Kb5 Qxe3 {
is decisive.}) 48... Qg1) 42. Kc1 Qe1 43. Kb2 f6 44. Kc1 Kg6 45. c3 bxc3 46.
Kc2 Qf2+ 47. Kxc3 Qa2 {Black completely panicked and lost the thread of the
game, and then the game itself.} 48. b4 Qa3+ 49. Kc4 Qc1+ 50. Kb5 f5 51. Bb3 f4
52. Bc4 Qb2 53. Kc5 Qf2+ 54. Kc6 Qc2 55. Kd5 Qf2 56. b5 Qb6 57. Kxe5 Qc5+ 58.
Bd5 Qe7+ 59. Kd4 Qb4+ 60. Bc4 Qb2+ 61. Kc5 Qe5+ 62. Rd5 Qc7+ 63. Kb4 Qe7+ 64.
Rc5 Qd6 65. Bd5 Kg5 66. e5 Qg6 67. Be4 Qe6 68. Rc6 Qe7+ 69. Kc4 Qf7+ 70. e6 Qa7
71. b6 Qa4+ 72. Kc5 Qa3+ 73. Kb5 Kf6 74. b7 Qb3+ 75. Ka6 Ke7 76. Ka7 Qe3+ 77.
Rb6 Qa3+ 78. Ra6 Qc5+ 79. Ka8 {The queen of tiebreaks had obtained yet another
stay of execution.} 1-0

[Event "RUS-ch51"]
[Site "St Petersburg"]
[Date "1998.08.02"]
[Round "6"]
[White "Grischuk, Alexander"]
[Black "Poluljahov, Aleksandr"]
[Result "0-1"]
[WhiteElo "2490"]
[BlackElo "2530"]
[Annotator "Smirin,I"]
[PlyCount "82"]
[EventDate "1998.07.28"]
[EventType "swiss"]
[EventRounds "11"]
[EventCountry "RUS"]
[SourceTitle "CBM 067"]
[Source "ChessBase"]
[SourceDate "1998.11.30"]
[SourceVersion "2"]
[SourceVersionDate "1998.11.01"]
[SourceQuality "1"]

1. e4 c5 2. Nf3 Nc6 3. d4 cxd4 4. Nxd4 Qc7 5. c4 Qe5 6. Nb5 Qxe4+ 7. Be2 (7.
Be3 Qe5 8. N1c3 a6 9. Nd5 axb5 10. f4 Qb8 11. Bb6 f5 $5 (11... d6 12. cxb5 Nd8
13. Nc7+ Kd7 14. Nxa8 Qxa8 15. Bc4 $36) 12. Nc7+ Kf7 13. Nxa8 Qxa8 14. cxb5 e6
$8 15. bxc6 bxc6 16. Be2 Bb4+ 17. Kf2 Nf6 $44 {1/2-1/2 Sion Castro,M-Pogorelov,
R/Pamplona op 1995 (20)}) 7... Qe5 8. g3 Qb8 9. Bf4 e5 10. Be3 Bb4+ (10... d6
11. O-O Nf6 12. N1c3 a6 13. Na3 Bh3 14. Re1 Be7 15. Nd5 Nxd5 16. cxd5 Na7 17.
Nc4 Nc8 18. Bg4 Bxg4 19. Qxg4 $44 O-O 20. Bh6 Bf6 21. Nd2 Nb6 22. Ne4 Qd8 23.
Re3 $1 $16 {[%cal Ge3f3] Shetty,R-Salov,S/Calcutta op 1993/1-0 (65)}) 11. N1c3
a6 12. Na3 Nf6 13. O-O d6 ({After} 13... Bxc3 $5 14. bxc3 d6 $15 {[%csl Ra3]
white doesn't have any visible compensation for sacrifised pawn.}) 14. Qd3 O-O
15. Na4 Nd7 (15... Bh3 16. Rfd1 e4 (16... Nd7 17. Nc2 Nc5 18. Nxc5 dxc5 (18...
Bxc5 19. Bxc5 dxc5 20. g4 $18 {[%csl Rh3]}) 19. a3 Rd8 20. Qe4 Ba5 21. Bxc5 $14
) 17. Qb3 Bg4 18. Bxg4 Nxg4 19. Nb6 Nxe3 20. fxe3 Qc7 21. Nxa8 Rxa8 22. Nc2 Bc5
23. Nd4 $14) 16. Nc2 Nc5 17. Qd1 Bh3 (17... Nxa4 18. Nxb4 Nxb4 (18... Nxb2 $2
19. Qb3 $16 {[%csl Rb2]}) 19. Qxa4 Nc6 20. Rfd1 Be6 21. Bb6 $44 {[%cal Ga4a3]})
18. Nb6 Bxf1 19. Bxf1 Ne6 (19... Ra7 20. Nd5 $1 Ba5 21. b4 Nxb4 22. Ncxb4 $16)
20. Nxa8 Qxa8 21. Nxb4 Nxb4 22. Qxd6 $14 Nc6 (22... Nc2 23. Rc1 Nxe3 24. fxe3
Qb8 25. Qxb8 Rxb8 26. c5 Rc8 27. c6 $16 {Strong bishop and passing "a" pawn
makes whites position clear better.}) 23. Bb6 a5 24. Rd1 h6 25. Qd7 (25. f4 $5
exf4 26. gxf4 {[%cal Gf4f5,Gf5f6]} Qb8 27. f5 Qxd6 28. Rxd6 $16) 25... Ned4 26.
c5 $6 {Activating the lightsquare bishop,but bishop b6 now completly out of
play.Deserved attention} (26. f4 $5 Re8 27. fxe5 Nxe5 28. Qd5 $14) 26... Re8
27. Bc4 Re7 28. Qg4 Kh8 29. Kg2 Qe8 30. Qh5 Qf8 $132 {[%csl Rb6][%cal Gf7f5,
Ge5e4,Gf5f4]} 31. a3 (31. b3 $5 {[%cal Ga2a3]}) 31... a4 32. Bd5 f5 33. Qg6 Qc8
34. Bxc6 $2 {It wasn't necessary to change strong lightsquare bishop.After
normal} (34. Bc4 e4 35. Ba5 $1 {[%cal Ga5c3] white is O.K}) 34... Nxc6 $15 {
[%csl Rb6]} 35. Rd6 Qf8 36. Rd5 Rf7 37. Qd6 Qe8 38. Kf1 f4 39. Kg2 $138 e4 $1
$40 40. gxf4 Rf6 41. Qc7 $2 (41. Qd7 $8 Qg6+ 42. Kf1 Rxf4 $17 {[%cal Ge4e3]}
43. Bc7 Rf3 $36) 41... e3 $1 $19 {[%cal Re8e4,Ge3e2]} 0-1

[Event "RUS-Cup03 Geller Memorial"]
[Site "Moscow"]
[Date "1999.02.10"]
[Round "9"]
[White "Kuporosov, Viktor"]
[Black "Moiseenko, Alexander"]
[Result "1/2-1/2"]
[WhiteElo "2485"]
[BlackElo "2419"]
[Annotator "Smirin,I"]
[PlyCount "84"]
[EventDate "1999.02.10"]
[EventType "swiss"]
[EventRounds "9"]
[EventCountry "RUS"]
[SourceTitle "CBM 070"]
[Source "ChessBase"]
[SourceDate "1999.06.08"]
[SourceVersion "1"]
[SourceVersionDate "1999.06.08"]
[SourceQuality "1"]

1. e4 c5 2. Nf3 Nc6 3. d4 cxd4 4. Nxd4 e5 5. Nb5 d6 6. c4 Be7 7. N1c3 a6 8. Na3
Be6 9. Be2 Bg5 10. Nc2 Bxc1 11. Rxc1 Nf6 12. O-O O-O 13. Qd2 Qb8 (13... Qd7 14.
Rfd1 Rfd8 15. Qe3 Qe8 16. a3 Rac8 17. Rd2 Rc7 18. Rcd1 Qe7 19. h3 h6 20. Na4
$14 {[%cal Ga4b6] Mokry,K-Schmittdiel,E/BL2-S 1994/1-0 (71)}) 14. Rfd1 (14. Qe3
Qa7 15. Qxa7 Nxa7 16. f3 Rac8 17. Ne3 Nc6 18. Ncd5 Nd7 19. Kf2 Rfe8 20. Rfd1
Nd4 $11 {Dolmatov,S-Sveshnikov,E/Moscow Alekhine op 1992/1/2-1/2 (49)}) 14...
Rd8 15. f3 (15. Qe3 Qa7 16. Qxa7 Rxa7 17. f3 Raa8 18. Nd5 Kf8 19. Bf1 Rac8 20.
Kf2 $11 {1/2-1/2 Almasi,Z-Milov,V/Buenos Aires Najdorf 1996}) 15... Qa7+ 16.
Kh1 Rac8 17. Nd5 {In arising pawn structure white has some space advantage,but
"d6"pawn already not a weakness and black has good chanses to equalize after
rook exchanges on "c"file.} Bxd5 (17... Nd7 18. Nce3 {[%cal Gb2b4]}) 18. cxd5
Ne7 19. Ne3 h6 20. g3 {[%cal Ge2f1,Gf1h3]} Qb8 21. a4 (21. Bf1 {[%cal Gf1h3]}
Rxc1 $8 22. Rxc1 Rc8) 21... Nd7 22. b4 Rxc1 23. Rxc1 Rc8 24. Bf1 Rxc1 25. Qxc1
Qa7 $5 (25... Kf8 {[%cal Gf8e8,Ge8d8,Rb8c7]} 26. Bh3 Ke8 27. f4 $14) 26. Bh3 b5
27. axb5 axb5 28. Bf1 (28. Nf5 $6 Nxf5 29. Bxf5 Nb6 (29... g6 $2 30. Bxd7 Qxd7
31. Qc6 Qh3 32. Kg1 Qh5 33. Kg2 $18) 30. Qc6 g6 31. Bc8 Qa1+ 32. Kg2 Qb2+ 33.
Kh3 Nxc8 34. Qxc8+ Kg7 $17 {[%csl Rb4]}) 28... Qb6 29. Qc3 Nb8 30. Kg2 Na6 {
[%cal Ra6b4]} 31. Nc2 Nc7 32. Na3 (32. f4 exf4 33. gxf4 f5 $15 {[%csl Rd5]})
32... f5 (32... Nc8 $2 {[%cal Gc8a7]} 33. Nxb5 $18) 33. Qd3 fxe4 34. fxe4 Kh7 {
[%csl Re4][%cal Ge7g8,Gg8f6]} 35. Nxb5 Nxb5 36. Qxb5 Qd4 ({After} 36... Qxb5
37. Bxb5 Nc8 {[%cal Gc8b6] black has some chanses to keep the endgame}) 37. Qc4
Qb2+ 38. Kg1 Ng8 $1 $132 {[%cal Gg8f6,Gf6g4]} 39. Bh3 Qb1+ 40. Kg2 Qb2+ 41. Kg1
({White could try to play for a win after} 41. Kf3 $5 Qa3+ (41... Qxh2 42. Bf5+
Kh8 (42... g6 43. Qc7+ Kh8 44. Bxg6 Qh1+ 45. Ke2 Qg2+ 46. Kd1 Qf1+ 47. Kc2 $18)
) 42. Ke2 Qb2+ 43. Kd3 Qxh2 44. Bf5+ g6 45. Qc7+ Kh8 46. Be6 Qxg3+ 47. Kc4 Qf2
$1 {[%csl Ga6,Gc8]} 48. Qf7 Qe2+ 49. Kb3 Qd3+ 50. Ka4 Qa6+ $11) 41... Qb1+ 42.
Kg2 Qb2+ 1/2-1/2